The decision maker and land information systems : papers and proceedings from the FIG international symposium held in Edmonton, Alberta, Canada, 15 - 19 October 1984 (Record no. 87004)

MARC details
000 -LEADER
fixed length control field 00936cam a2200301 4500
008 - FIXED-LENGTH DATA ELEMENTS--GENERAL INFORMATION
fixed length control field 090401t1985 xxu||||| |||| 00| 0 eng d
020 ## - INTERNATIONAL STANDARD BOOK NUMBER
International Standard Book Number 0919088155
035 ## - SYSTEM CONTROL NUMBER
System control number (Sirsi) u12528
041 ## - LANGUAGE CODE
Language code of text/sound track or separate title eng
050 ## - LIBRARY OF CONGRESS CALL NUMBER
Classification number 526.90285
110 ## - MAIN ENTRY--CORPORATE NAME
Corporate name or jurisdiction name as entry element Federation International Des Geometres
245 #4 - TITLE STATEMENT
Title The decision maker and land information systems : papers and proceedings from the FIG international symposium held in Edmonton, Alberta, Canada, 15 - 19 October 1984
260 ## - PUBLICATION, DISTRIBUTION, ETC.
Place of publication, distribution, etc. Ottawa, Ontario
Name of publisher, distributor, etc. Canadian Institute of Surveying
Date of publication, distribution, etc. 1985
300 ## - PHYSICAL DESCRIPTION
Extent ix, 452p. ; 21cm.
350 ## - PRICE (NR) (BK AM CF MU VM SE) [OBSOLETE]
Price 0
650 ## - SUBJECT ADDED ENTRY--TOPICAL TERM
Topical term or geographic name entry element AUSTRALIA
650 ## - SUBJECT ADDED ENTRY--TOPICAL TERM
Topical term or geographic name entry element CADASTRAL SURVEYING
650 ## - SUBJECT ADDED ENTRY--TOPICAL TERM
Topical term or geographic name entry element CANADA
650 ## - SUBJECT ADDED ENTRY--TOPICAL TERM
Topical term or geographic name entry element DIGITAL MAPPING
650 ## - SUBJECT ADDED ENTRY--TOPICAL TERM
Topical term or geographic name entry element GIS
650 ## - SUBJECT ADDED ENTRY--TOPICAL TERM
Topical term or geographic name entry element MALAYSIA
650 ## - SUBJECT ADDED ENTRY--TOPICAL TERM
Topical term or geographic name entry element NETHERLANDS
650 ## - SUBJECT ADDED ENTRY--TOPICAL TERM
Topical term or geographic name entry element SWITZERLAND
650 ## - SUBJECT ADDED ENTRY--TOPICAL TERM
Topical term or geographic name entry element UNITED STATES OF AMERICA
700 ## - ADDED ENTRY--PERSONAL NAME
Personal name Hamilton,Angus & McLaughlin,John.,
International Standard Serial Number Editor
942 ## - ADDED ENTRY ELEMENTS (KOHA)
Suppress in OPAC 0
948 ## - LOCAL PROCESSING INFORMATION (OCLC); SERIES PART DESIGNATOR (RLIN)
c (OCLC) 04/03/1997
Holdings
Withdrawn status Lost status Source of classification or shelving scheme Damaged status Not for loan Home library Current library Shelving location Date acquired Total Checkouts Full call number Barcode Date last seen Copy number Price effective from Koha item type
    Dewey Decimal Classification     London London Basement 14/09/1999   SHELF 326 30016988 06/08/2019 1 06/08/2019 Reference material